000 01164cam a2200325 a 4500
001 16719785
003 ARRUPE
005 20140307131730.0
008 110404s2010 tz ab b 000 0 eng
010 _a 2011349210
020 _a9789987080939
020 _a9987080936
035 _a(OCoLC)ocn681497200
040 _aBTCTA
_beng
_cBTCTA
_dYDXCP
_dNUI
_dDLC
041 1 _aeng
_hfre
042 _alccopycat
_alcode
043 _af-ke----
050 0 0 _aDT434.N3
_bN33513 2010
130 0 _aNairobi contemporain.
_lEnglish.
_99032
245 1 0 _aNairobi today :
_bthe paradox of a fragmented city /
_cedited by Deyssi Rodriguez-Torres.
260 _aDar es Salam, Tanzania :
_bMkuki na Nyota Publishers in association with French Institute for Research in Africa,
_cc2010.
300 _axii, 405 p. :
_bill., maps ;
_c25 cm.
500 _aTranslated from the French.
504 _aIncludes bibliographical references.
651 0 _aNairobi (Kenya)
_99033
700 1 _aRodriguez-Torres, Deyssi.
_99034
906 _a7
_bcbc
_ccopycat
_d3
_encip
_f20
_gy-gencatlg
942 _2lcc
_cMONOGRAPH
999 _c120186
_d120186